Osobní finance řízení financí pro každého
Gespeichert in:
| 1. Verfasser: | |
|---|---|
| Weitere Verfasser: | |
| Format: | Buch |
| Sprache: | Tschechisch |
| Veröffentlicht: |
Praha
Grada Publishing
2021
|
| Ausgabe: | 4. aktualizované vydání |
| Schlagworte: | |
| Tags: |
Keine Tags, Fügen Sie das erste Tag hinzu!
|
MARC
| LEADER | 00000nam a2200000 4500 | ||
|---|---|---|---|
| 001 | 0300046 | ||
| 005 | 20240425151831.6 | ||
| 020 | |a 978-80-271-3123-5 | ||
| 041 | 0 | |a cze | |
| 044 | |a CZ | ||
| 245 | 1 | 0 | |a Osobní finance |b řízení financí pro každého |c Petr Syrový, Tomáš Tyl |
| 250 | |a 4. aktualizované vydání | ||
| 264 | 1 | |a Praha |b Grada Publishing |c 2021 | |
| 300 | |a 244 s. | ||
| 610 | 2 | 0 | |a financie osobné |
| 610 | 2 | 0 | |a plánovanie finančné |
| 610 | 2 | 0 | |a riziko finančné |
| 610 | 2 | 0 | |a poistenie |
| 610 | 2 | 0 | |a investovanie |
| 610 | 2 | 0 | |a úver |
| 100 | 1 | |a Syrový, Petr | |
| 700 | 1 | |a Tyl, Tomáš | |